000 00461cam a2200193ua 4500
001 3439
008 111105n ii |||gr||||Z||||||asm
020 _a81-237-0768-1
040 _cMAIN
082 _a891.4513
100 1 _aMukhapadhyay, Pranati,
245 1 1 _aPearson
_cby Pranati Mukhapadhyay
250 _a1st.
260 _aNew Delhi:
_bNational book trust,994.
300 _a77p:
_c23cm.
653 _aAssamese novel
653 _aPearson
942 _cBK
999 _c3282
_d3282